Дела на русенските хидромелиоратори (Запис номер 172286)
[ съкратено ]
| 000 -Лидер | |
|---|---|
| Контролно поле с фиксирана дължина | 01923nam a2200433 c 4500 |
| 003 - Код на организацията, давaща контролен номер | |
| Контролно поле | BLK |
| 005 - Дата и час на последна редакция | |
| Контролно поле | 20220210152806.0 |
| 008 - Елементи от данни с фиксирана дължина | |
| fixed length control field | 180411b bul|||||r ||||||| ||bul|| |
| 010 ## - Наследен системен номер | |
| LC control number | KNG00180604000 |
| 040 ## - Източник на каталожния запис | |
| Идентификатор на билиотеката - собственик на записа | BLK |
| 041 ## - Код за език | |
| Код за езика на текст/звукозапис или на отделно заглавие | Български |
| Код за езика КДБФ | Български |
| 072 #7 - Код за тематичната категория | |
| Код организация | bullib |
| Код за тематична категория | К |
| Текст | Краезнание |
| 072 #7 - Код за тематичната категория | |
| Код организация | bullib |
| Код за тематична категория | Н63 |
| Текст | Селско стопанство Н |
| 072 #7 - Код за тематичната категория | |
| Код организация | bullib |
| Код за тематична категория | РА |
| Текст | Русенски автори |
| 080 ## - УДК | |
| Текстов определител УДК | Селскостопански мелиорации |
| УДК код - определител по УДК | 631.6 |
| УДК определител | (497.215) |
| УДК - код + определител | 631.6(497.215) |
| 080 ## - УДК | |
| Текстов определител УДК | Мелиоративно строителство. Селскостопанска хидротехника |
| УДК код - определител по УДК | 626.8 |
| УДК определител | (497.215) |
| УДК - код + определител | 626.8(497.215) |
| 100 1# - Редна дума - Автор | |
| Автор | Тинчев, Тинко |
| Авторска отговорност | първи автор |
| R(LIN) | 382405 |
| 139 ## - Редно поле | |
| Редна дума | Тинчев, Тинко и др. |
| 245 10 - Сведения за заглавието | |
| Заглавие | Дела на русенските хидромелиоратори |
| Редно поле (дума) | Тинко Тинчев; съавт. Митре Александров Стаменов. |
| 250 ## - Област на изданието | |
| Сведения за изданието | 2. прераб. изд. |
| 257 ## - Страна на издаване | |
| Страна на създаване/издаване | България |
| 260 ## - Област на издателските данни | |
| Име на издателя, разпространителя и проч. | Абагар |
| Година на издаване | 2014 |
| 300 ## - Физическа характеристика | |
| Страници | 44 с. |
| Размери/Мащаб | 22Х23 см |
| 380 ## - Жанр | |
| Жанр | Техника |
| 500 ## - Общи забележки | |
| Забележка | Изд. на Напоителни системи ЕАД - клон Русе. - 1. изд. 1990 на Булгарреклама - София с авт. Митре Стаменов и Тинко Тинчев. |
| 650 #4 - Допълнително описание по предмет – тема | |
| Основно описание – тема или топоним | Мелиорации, селскостопански |
| 9 (RLIN) | 318441 |
| 650 #4 - Допълнително описание по предмет – тема | |
| Основно описание – тема или топоним | Русе - селско стопанство |
| 9 (RLIN) | 337517 |
| 651 #4 - Допълнително описание по предмет - топоним | |
| Географско понятие | Русе |
| 9 (RLIN) | 179462 |
| 651 #4 - Допълнително описание по предмет - топоним | |
| Географско понятие | България |
| 9 (RLIN) | 241624 |
| 653 ## - Ключова дума – ненормативна | |
| Ключова дума | хидромелиорации |
| 659 ## - Тематичен бюлетин | |
| Тематичен бюлетин | К |
| 659 ## - Тематичен бюлетин | |
| Тематичен бюлетин | Н |
| 700 1# - Други автори (авторска отговорност) | |
| Лично име | Стаменов, Митре Александров |
| Автороска отговорност (Описва отношението между автора и произведението) | съавт. |
| 9 (RLIN) | 369546 |
| 852 ## - Местоположение | |
| Форматна сигнатура | Цб 276305 |
| 852 ## - Местоположение | |
| Форматна сигнатура | К 63/Т 57 Т |
| 856 4# - Електронен адрес и достъп | |
| Електронен формат | pdf - файл |
| 856 4# - Електронен адрес и достъп | |
| Електронен формат | pdf - файл |
| 999 ## - СИСТЕМНИ КОНТРОЛНИ НОМЕРА | |
| Koha biblionumber | 172286 |
| Koha biblioitemnumber | 172286 |
| 942 ## - АРТИКУЛИ | |
| Вид на библиотечния материал | Книги |
| Скрит в OPAC | Не |
| Периодичен библиозапис | Да |
| 944 ## - СЪЗДАВАНЕ И РЕДАКЦИЯ на ЗАПИСА | |
| Създаване/Редакция | Създаване |
| Дата на регистрацията/редакция | 28.08.2015 |
| Статус, дата на статуса | ф / |
| Служител, извършил регистрацията/редакцията | Виолета_Тройчева |
| 944 ## - СЪЗДАВАНЕ И РЕДАКЦИЯ на ЗАПИСА | |
| Създаване/Редакция | Редакция |
| Дата на регистрацията/редакция | 26.04.2017 |
| Статус, дата на статуса | ф / |
| Служител, извършил регистрацията/редакцията | Людмила_Стоянова |
| 999 ## - СИСТЕМНИ КОНТРОЛНИ НОМЕРА | |
| Koha biblioitemnumber | 172286 |
| Код за отписване | Код за изгубен артикул | Източник на класификационната схема | Код за повреда | Коз за рестрикции | Код за отдаване | Артикулен № | Име на библиотеката - собственик | Име на библиотеката, в която се намира в момента | Статус (Текущо местоположение) | Дата на вписване в системата | Местоположение - отдел | Цена в лева | Инвентарен номер | Систематично азбучна сигнатура | Баркод | Номер на екземпляра | Цена в евро | Служебна бележка | Служебен тип на артикула |
|---|---|---|---|---|---|---|---|---|---|---|---|---|---|---|---|---|---|---|---|
| Не е изгубен | Universal Decimal Classification | Не е повреден | без рестрикции | ползва се в читалня | 293403 | Регионална библиотека "Любен Каравелов" Русе | Регионална библиотека "Любен Каравелов" Русе | Краезнание | 2015-08-31 | Краезнание | 9.00 | 120000791788 | К 63/Т 57 Т | 120000791788 | 1 | 4.60 | Дост: DA Вид: А N: 17 Дата: 31.08.2015 Дата инв: 10.11.2017 Бележки инв: К2017 | Книги |